| 000 | 01044nam0a2200277 4500 | ||
|---|---|---|---|
| 001 | RU\NLR\BIBL_A\022457795 | ||
| 005 | 20250806203343.0 | ||
| 035 | _a(NLR Aleph) 022457795 | ||
| 090 |
_a82804 _c82804 |
||
| 100 | _a20250213d1941 u y0rusy50 ca | ||
| 101 | 0 | _aaze | |
| 102 | _aAZ | ||
| 105 | _ay z 000 y | ||
| 181 | 0 |
_ai _baxxe |
|
| 182 | 0 | _an | |
| 200 | 1 |
_aИ. В. Сталин дин вә онунла мүбаризә һаггында _fП. Федосеев _gССРИ ЕА Фәлсәфә Институту |
|
| 203 |
_aТекст _bвизуальный _cнепосредственный |
||
| 210 |
_aБакы _cАзәрнәшр _d1941 |
||
| 215 |
_a58, [2] с. _d21 |
||
| 541 | 1 |
_aИ. В. Сталин о религии и борьбе с нею _zrus |
|
| 700 | 1 |
_aФедосеев _bП. _4070 |
|
| 702 | 1 |
_aСталин _bИ. В. _f1879-1953 _gИосиф Виссарионович _3RU\NLR\AUTH\773464 _4570 |
|
| 942 | _cBOOK | ||
| 945 | _aРоссийская национальная библиотека | ||
| 980 | _aBV | ||